000 00320nam a22001457a 4500
003 SGT
082 _a342.0954,PAN
100 _aPANDEY,J.N
245 _aCONSTITUTION LAW OF INDIA
250 _a35TH
260 _aALLAHABAD
_bCENTRAL LAW HOUSE
_c2000
300 _a674
650 _aINDIAN CONSTITUTION
942 _2ddc
_cBK
999 _c9677
_d9677